[Event "Ambalangoda Dhamso op 4th"]
[Site "Ambalangoda"]
[Date "2014.05.02"]
[Round "5"]
[White "Jayaweera, Y."]
[Black "Dissanayake, RS."]
[Result "0-1"]
[WhiteElo "1653"]
[BlackElo "1903"]
[PlyCount "122"]
[EventDate "2014.04.30"]
[EventType "swiss"]
[EventRounds "9"]
[EventCountry "SRI"]
[SourceTitle "CBM 160 Extra"]
[Source "ChessBase"]
[SourceDate "2014.07.01"]
[SourceVersion "1"]
[SourceVersionDate "2014.07.01"]
[SourceQuality "1"]

1. d4 f5 2. c4 Nf6 3. Nc3 g6 4. Nf3 Bg7 5. g3 0-0 6. Bg2 c6 7. 0-0 d6 8. Bf4 Nh5 9. Qd2 Qe8 10. Bh6 Bxh6 11. Qxh6 e5 12. dxe5 dxe5 13. Rad1 Qe7 14. Rd2 Nd7 15. Rfd1 Ndf6 16. Qg5 Kg7 17. Rd6 h6 18. Qd2 e4 19. Ne1 Be6 20. Qd4 Kf7 21. f3 Ne8 22. Rxe6 Qxe6 23. fxe4 Nef6 24. Nf3 Rfd8 25. exf5 gxf5 26. Qe5 Rxd1+ 27. Nxd1 Qxe5 28. Nxe5+ Ke6 29. Nd3 Kd6 30. c5+ Ke6 31. Ne3 Ne4 32. Bh3 Ng7 33. b4 Kf6 34. g4 Re8 35. gxf5 Ng5 36. Ng4+ Kxf5 37. Nxh6+ Kg6 38. Bd7 Kxh6 39. Bxe8 Nxe8 40. Nf4 Kg7 41. h4 Nf7 42. a4 Kf6 43. Kf2 Ke5 44. Ke3 Nf6 45. b5 Nd5+ 46. Nxd5 Kxd5 47. bxc6 bxc6 48. Kf4 Kxc5 49. e4 Kd4 50. h5 c5 51. e5 Nxe5 52. h6 Nf7 53. h7 c4 54. Kf5 c3 55. Kf6 Nh8 56. Kg7 c2 57. Kxh8 c1Q 58. Kg8 Qg5+ 59. Kh8 Qg6 60. a5 Qf7 61. a6 Qf8# 0-1

[Event "Commonwealth-ch"]
[Site "New Delhi"]
[Date "2007.12.08"]
[Round "8"]
[White "Gopal, KN."]
[Black "Dissanayake, RS."]
[Result "1/2-1/2"]
[WhiteElo "2225"]
[BlackElo "2038"]
[PlyCount "108"]
[EventDate "2007.12.03"]
[EventType "swiss"]
[EventRounds "10"]
[EventCountry "IND"]
[SourceTitle "CBM 121 Extra"]
[Source "ChessBase"]
[SourceDate "2008.01.10"]
[SourceVersion "1"]
[SourceVersionDate "2008.01.10"]
[SourceQuality "1"]

1. Nf3 d5 2. d4 Nf6 3. Bf4 c5 4. e3 Qb6 5. b3 e6 6. Be2 Bd7 7. 0-0 Nc6 8. c3 Ne7 9. h3 Ng6 10. Bh2 Be7 11. Nbd2 0-0 12. Bd3 Bc6 13. Qe2 Ne4 14. Bxe4 dxe4 15. Ne5 f5 16. Ndc4 Qa6 17. Nxc6 Qxc6 18. a4 b6 19. Rfd1 Rad8 20. f3 Bg5 21. f4 Be7 22. Bg3 Qe8 23. Be1 Kh8 24. Rdc1 Rg8 25. b4 Nf8 26. h4 h6 27. bxc5 bxc5 28. Rcb1 Nh7 29. Rb7 g5 30. hxg5 hxg5 31. Bg3 cxd4 32. cxd4 Bf6 33. fxg5 Nxg5 34. Kf2 Rg7 35. Rxg7 Kxg7 36. Ne5 Nf7 37. Nxf7 Qxf7 38. Rc1 Rd7 39. Rc6 Qe8 40. Qa6 Kf7 41. a5 Bg7 42. Qc4 Qe7 43. a6 Bf6 44. Rc7 Rxc7 45. Qxc7 Ke8 46. Qc8+ Kf7 47. Qb7 Ke8 48. Qxe7+ Bxe7 49. Bb8 Kd7 50. Bxa7 Kc7 51. Bc5 Bg5 52. Ke2 Bh6 53. Kf2 Bg5 54. Ke2 Bh6 1/2-1/2

[Event "Commonwealth-ch"]
[Site "New Delhi"]
[Date "2007.12.07"]
[Round "7"]
[White "Dissanayake, RS."]
[Black "Padsalgikar, Bhausaheb"]
[Result "1-0"]
[WhiteElo "2038"]
[BlackElo "1876"]
[PlyCount "151"]
[EventDate "2007.12.03"]
[EventType "swiss"]
[EventRounds "10"]
[EventCountry "IND"]
[SourceTitle "CBM 121 Extra"]
[Source "ChessBase"]
[SourceDate "2008.01.10"]
[SourceVersion "1"]
[SourceVersionDate "2008.01.10"]
[SourceQuality "1"]

1. e4 c5 2. Nc3 Nc6 3. g3 g6 4. Bg2 Bg7 5. d3 e6 6. Be3 d6 7. Qd2 a6 8. f4 b6 9. Nf3 Bb7 10. 0-0 Nge7 11. Nh4 f5 12. Rae1 0-0 13. exf5 gxf5 14. Nf3 d5 15. Bf2 Bc8 16. Ne2 Rb8 17. c3 Qd6 18. d4 cxd4 19. cxd4 Ng6 20. Nc3 Na5 21. b3 Bd7 22. Re3 h6 23. Rfe1 Rfe8 24. Ne5 Nxe5 25. fxe5 Qe7 26. Ne2 Rf8 27. Nf4 Be8 28. Qe2 b5 29. Rc1 Bf7 30. Rec3 Rfd8 31. Be1 Nb7 32. Bf3 Rd7 33. Bd2 Nd8 34. R3c2 Kh7 35. Nd3 Nb7 36. Nb4 Ra8 37. Rc8 Rxc8 38. Rxc8 Rc7 39. Rxc7 Qxc7 40. Nxa6 Qb6 41. Nc5 Nxc5 42. dxc5 Qxc5+ 43. Kg2 Qc2 44. Bf4 Qxe2+ 45. Bxe2 Be8 46. b4 Bc6 47. Kf2 Kg6 48. Ke3 Bf8 49. a3 h5 50. h4 Be7 51. Kd4 Be8 52. Kc3 Bd7 53. Be3 Bf8 54. Bc5 Bg7 55. Bd6 Bh6 56. Bc5 Be8 57. Bf2 Bc1 58. Kb3 f4 59. Bd3+ Kh6 60. Ka2 fxg3 61. Bxg3 Be3 62. Kb3 Bc1 63. Kc2 Be3 64. Kc3 Bd7 65. Be1 Bg1 66. Bd2+ Kg7 67. Bg5 Bf2 68. Bf6+ Kh6 69. Kb3 Be8 70. a4 bxa4+ 71. Ka3 Bg6 72. Bb5 Bc2 73. Bd7 d4 74. Bxa4 d3 75. Bg5+ Kg7 76. b5 1-0

[Event "Commonwealth-ch"]
[Site "New Delhi"]
[Date "2007.12.05"]
[Round "5"]
[White "Dissanayake, RS."]
[Black "Prakash, GB."]
[Result "0-1"]
[WhiteElo "2038"]
[BlackElo "2343"]
[PlyCount "108"]
[EventDate "2007.12.03"]
[EventType "swiss"]
[EventRounds "10"]
[EventCountry "IND"]
[SourceTitle "CBM 121 Extra"]
[Source "ChessBase"]
[SourceDate "2008.01.10"]
[SourceVersion "1"]
[SourceVersionDate "2008.01.10"]
[SourceQuality "1"]

1. e4 c6 2. d4 d5 3. e5 Bf5 4. Nf3 e6 5. Bd3 Ne7 6. 0-0 Nd7 7. Re1 Bxd3 8. Qxd3 c5 9. c3 Nc6 10. Be3 Be7 11. Na3 0-0 12. Nc2 cxd4 13. cxd4 Qb6 14. b3 Rfc8 15. h4 h6 16. h5 a5 17. a3 Rc7 18. Bd2 Qa6 19. Qxa6 Rxa6 20. Rac1 Ra8 21. b4 axb4 22. Bxb4 Bxb4 23. axb4 Rac8 24. b5 Nb4 25. Nxb4 Rxc1 26. Nd3 Rxe1+ 27. Ndxe1 Rc1 28. Kf1 Rb1 29. Nd2 Rxb5 30. Ke2 f6 31. f4 f5 32. Kd3 Ra5 33. Nc2 Kf7 34. Nb3 Ra2 35. g3 b6 36. Kc3 Nb8 37. Nc1 Ra7 38. Nd3 Nc6 39. Ndb4 Nxb4 40. Kxb4 Rc7 41. Na3 Rc1 42. Kb5 Rc3 43. Kb4 Rxg3 44. Nb5 Rf3 45. Nd6+ Ke7 46. Nc8+ Kd8 47. Nxb6 Rxf4 48. Kc5 Re4 49. Kd6 f4 50. Kxe6 f3 51. Kxd5 Re2 52. Kd6 f2 53. e6 f1Q 54. Nd5 Qf8+ 0-1